Pokémon - Tous les Pokémon (Sixième génération) - Statistiques

Statistiques générales
  • Ce quiz a été pris 224 fois
  • Le résultat moyen est 53 sur 72
Statistiques - réponses
Numéro Pokémon % Correct
658 Amphinobi
98%
656 Grenousse
97%
650 Marisson
96%
716 Xerneas
96%
717 Yveltal
96%
653 Feunnec
93%
655 Goupelin
93%
652 Blindépique
92%
718 Zygarde
92%
651 Boguérisse
89%
657 Croâporal
89%
663 Flambusard
85%
661 Passerouge
85%
654 Roussil
85%
721 Volcanion
84%
662 Braisillon
83%
719 Diancie
83%
720 Hoopa
83%
700 Nymphali
80%
681 Exagide
79%
704 Mucuscule
77%
697 Rexillius
77%
670 Floette
76%
671 Florges
76%
706 Muplodocus
76%
666 Prismillon
76%
696 Ptyranidur
76%
698 Amagara
75%
699 Dragmara
75%
669 Flabébé
75%
659 Sapereau
75%
660 Excavarenne
74%
679 Monorpale
74%
673 Chevroum
72%
702 Dedenne
72%
680 Dimoclès
72%
668 Némélios
72%
701 Brutalibré
71%
664 Lépidonille
71%
705 Colimucus
70%
667 Hélionceau
70%
676 Couafarel
69%
692 Flingouste
69%
691 Kravarech
69%
715 Bruyverne
68%
672 Cabriolaine
68%
684 Sucroquin
68%
695 Iguolta
67%
714 Sonistrelle
67%
690 Venalgue
66%
682 Fluvetin
65%
693 Gamblast
65%
710 Pitrouille
65%
694 Galvaran
64%
665 Pérégrain
64%
683 Cocotine
63%
712 Grelaçon
63%
674 Pandespiègle
63%
713 Séracrawl
63%
707 Trousselin
63%
711 Banshitrouye
62%
685 Cupcanaille
62%
709 Desséliande
62%
675 Pandarbare
62%
708 Brocélôme
59%
678 Mistigrix
59%
703 Strassie
59%
677 Psystigri
56%
686 Sépiatop
54%
687 Sépiatroce
54%
689 Golgopathe
52%
688 Opermine
51%
Aucun quiz correspondant
Distribution des résultats
% des personnes avec chaque résultat
Percentile par nombre de réponses
Votre historique - résultats
Vous n’avez pas pris ce quiz